| 000 | 00780nam a2200229 a 4500 | ||
|---|---|---|---|
| 001 | BRCA_4087 | ||
| 005 | 20190320204536.0 | ||
| 008 | 180210s1957----bo-#######---#000-0#eng-# | ||
| 041 | _aeng | ||
| 044 | _abo | ||
| 050 | 4 |
_aHC133 _b.E98 1957 |
|
| 245 | 1 | 0 |
_aExternal Disequilibrium in the Economic development of Latin America _bthe Case of Mexico. |
| 260 |
_aLa Paz, Bolivia _bUnited Nations, Economic Commission for Latin America _c1957 |
||
| 300 |
_a2 v. _c28 cm. |
||
| 440 | 0 |
_aUnited Nations. [Document] E/CN.12/428 Add.1 _910581 |
|
| 500 | _aLa biblioteca solo cuenta con el v.2 | ||
| 500 | _aCEF56 | ||
| 651 | 4 |
_aMéxico _xCondiciones económicas _92842 |
|
| 710 | 2 |
_aNaciones Unidas _bComisión Económica para América Latina _910582 |
|
| 902 | _aGFM | ||
| 942 |
_2lcc _cB |
||
| 999 |
_c3809 _d3809 |
||